Normal view MARC view
  • Manik, N. Dhanesh

Entry Personal Name

Number of records used in: 1

001 - CONTROL NUMBER

  • control field: 112031

003 - CONTROL NUMBER IDENTIFIER

  • control field: NUST

005 - DATE AND TIME OF LATEST TRANSACTION

  • control field: 20230502134340.0

008 - FIXED-LENGTH DATA ELEMENTS

  • fixed length control field: 230502|| aca||aabn | a|a d

040 ## - CATALOGING SOURCE

  • Original cataloging agency: NUST
  • Transcribing agency: NUST

100 ## - HEADING--PERSONAL NAME

  • Personal name: Manik, N. Dhanesh

670 ## - SOURCE DATA FOUND

  • Source citation: Work cat.: (NUST)594608: Manik, N. Dhanesh, Control Systems, 2012.
© 2023 Central Library, National University of Sciences and Technology. All Rights Reserved.